Разсчетная книжка №_ для заводских и фабричных рабочих, утвержденная Нижегородским Губернским по фабричным и горнозаводским делам Присутствием. Выдана из конторы Торговаго Дома "Иван Кашеваров и Ко" (Запись № 13644216)
[ простой вид ]
| 000 -МАРКЕР | |
|---|---|
| контрольное поле | 02697nam0a2200373 4500 |
| 001 - ИДЕНТИФИКАТОР ЗАПИСИ | |
| контрольное поле | RU\NLR\BIBL_A\022756918 |
| 005 - ИДЕНТИФИКАТОР ВЕРСИИ | |
| контрольное поле | 20260408234135.0 |
| 035 ## - ДРУГИЕ СИСТЕМНЫЕ НОМЕРА | |
| Идентификатор записи | (NLR Aleph) 022756918 |
| 100 ## - ДАННЫЕ ОБЩЕЙ ОБРАБОТКИ | |
| Данные общей обработки | 20260317d1913 u y0rusy50 ca |
| 101 0# - ЯЗЫК РЕСУРСА | |
| Язык текста, звукозаписи и т.д. | русский |
| 102 ## - СТРАНА ПУБЛИКАЦИИ ИЛИ ПРОИЗВОДСТВА | |
| Страна публикации | российская федерация |
| 105 ## - ПОЛЕ КОДИРОВАННЫХ ДАННЫХ: ТЕКСТОВЫЕ МАТЕРИАЛЫ, МОНОГРАФИЧЕСКИЕ | |
| Кодированные данные о монографическом текстовом документе | k z 000yy |
| 181 #0 - ПОЛЕ КОДИРОВАННЫХ ДАННЫХ: ВИД СОДЕРЖАНИЯ | |
| Код вида содержания (ISBD) | i |
| Код характеристики содержания (ISBD) | xxe |
| 182 #0 - ПОЛЕ КОДИРОВАННЫХ ДАННЫХ: ТИП СРЕДСТВА | |
| Код типа средства (ISBD) | n - непосредственное |
| 200 1# - ЗАГЛАВИЕ И СВЕДЕНИЯ ОБ ОТВЕТСТВЕННОСТИ | |
| Основное заглавие | Разсчетная книжка №_ для заводских и фабричных рабочих, утвержденная Нижегородским Губернским по фабричным и горнозаводским делам Присутствием. Выдана из конторы Торговаго Дома "Иван Кашеваров и Ко" |
| 203 ## - ВИД СОДЕРЖАНИЯ И ТИП СРЕДСТВА | |
| Вид содержания | Текст |
| Дополнительные сведения об издании | визуальный |
| Тип средства | непосредственный |
| 210 ## - ПУБЛИКАЦИЯ, РАСПРОСТРАНЕНИЕ И ДР. | |
| Место издания, распространения и т.д. | Н.-Новгород [Нижний Новгород] |
| Имя издателя, распространителя и т. д. | печ. в тип. С. Петрова |
| Дата издания, распространения и т.д. | [1913] |
| 215 ## - ФИЗИЧЕСКАЯ ХАРАКТЕРИСТИКА | |
| Специфическое обозначение материала и объем | 55 с. |
| Другие сведения о физической характеристике | бланки |
| Размеры | 18 |
| 300 ## - ОБЩИЕ ПРИМЕЧАНИЯ | |
| Текст примечания | Год изд. установлен по дате получения обязат. экз. |
| 309 ## - ПРИМЕЧАНИЯ ОБ ОСНОВНОМ ИСТОЧНИКЕ ИНФОРМАЦИИ И ОБ ОСОБЕННОСТЯХ ПОЛИГРАФИЧЕСКОГО ОФОРМЛЕНИЯ ИЗДАНИЯ | |
| Текст примечания | Без тит. л. Описано по обл. |
| 327 1# - ПРИМЕЧАНИЯ О СОДЕРЖАНИИ | |
| Текст примечания | Содерж.: Извлечения из законов и правил ; Правила о вознаграждении потерпевших вследствие несчастных случаев рабочих и служащих ... ; Правила внутренняго распорядка |
| 464 #0 - АНАЛИТИЧЕСКИЙ УРОВЕНЬ | |
| Встроенное поле | 2001#$aПравила внутренняго распорядка |
| -- | 5181#$aПравила внутреннего распорядка |
| Заглавие | Правила внутренняго распорядка |
| 518 1# - ЗАГЛАВИЕ В СТАНДАРТНОМ СОВРЕМЕННОМ ПРАВОПИСАНИИ | |
| Основное заглавие, вариант заглавия или унифицированное заглавие | Расчетная книжка №_ для заводских и фабричных рабочих, утвержденная Нижегородским губернским по фабричным и горнозаводским делам присутствием. Выдана из конторы Торгового дома "Иван Кашеваров и Ко" |
| 606 ## - НАИМЕНОВАНИЕ ТЕМЫ КАК ПРЕДМЕТ | |
| Наименование темы | Расчетные книжки |
| Географический подзаголовок | Россия |
| Идентификатор авторитетной/нормативной записи | RU\NLR\AUTH\6601767711 |
| Системный номер авторитетной/нормативной записи | 2701060 |
| 686 3# - ИНДЕКСЫ ДРУГИХ КЛАССИФИКАЦИЙ | |
| Индекс | Х879(2)1 |
| 710 02 - НАИМЕНОВАНИЕ ОРГАНИЗАЦИИ - ПЕРВИЧНАЯ ОТВЕТСТВЕННОСТЬ | |
| Начальный элемент ввода | "Кашеваров, Иван и К°", торговый дом |
| Идентифицирующий признак | ст. Растяпино, Московско-Нижегородская ж. д. |
| Идентификатор авторитетной/нормативной записи | RU\NLR\AUTH\880640286 |
| Системный номер авторитетной/нормативной записи | 2701620 |
| 711 02 - НАИМЕНОВАНИЕ ОРГАНИЗАЦИИ - АЛЬТЕРНАТИВНАЯ ОТВЕТСТВЕННОСТЬ | |
| Начальный элемент ввода | Нижегородское губернское по фабричным и горнозаводским делам присутствие |
| Идентификатор авторитетной/нормативной записи | RU\NLR\AUTH\880640287 |
| Системный номер авторитетной/нормативной записи | 2701621 |
| 852 ## - МЕСТОНАХОЖДЕНИЕ И ШИФР ХРАНЕНИЯ | |
| Идентификатор организации | NLR |
| Шифр хранения (Call Number) | 43.16.9.367 |
| 942 ## - ДОПОЛНИТЕЛЬНЫЕ ЭЛЕМЕНТЫ ЗАПИСИ (АБИС) | |
| Тип экземпляра АБИС | Книга |
| 980 ## - КОЛЛЕКЦИЯ | |
| Название коллекции | Национальная библиография |
Нет доступных экземпляров.